South America Population Circles Quiz Stats

 Plays Quiz Updated Apr 4, 2018

Challenge
Share
Tweet
Score 0/6 Timer 02:00
10 Plays Today
% Correct
68.3 million
90.8%
53.7 million
82.3%
35.5 million
75.5%
30.1 million
70.6%
23.2 million
65.4%
20.3 million
47.4%

You're not logged in!

Compare scores with friends on all Sporcle quizzes.
OR
Log In

You Might Also Like...

Show Comments

Extras

Top Quizzes Today


Score Distribution

Your Account Isn't Verified!

In order to create a playlist on Sporcle, you need to verify the email address you used during registration. Go to your Sporcle Settings to finish the process.

Report this User

Report this user for behavior that violates our Community Guidelines.

Details: